عرض عادي
عرض مارك
- Chamberlain, Neal R.
مدخل إسم شخص
001 - رقم الضبط
- حقل الضبط: 6580
003 - معرف رقم الضبط
- حقل الضبط: OSt
005 - تاريخ ووقت أخر عملية
- حقل الضبط: 20111130112134.0
008 - عناصر بيانات ثابتة الطول
- حقل تحكم ثابت الطول: 111130|||a|||||| | ||| d
040 ## - مصدر الفهرسة
- هيئة الفهرسة الأصلية: OSt
- وكالة الكتابة: OSt
100 ## - مدخل -- أسم شخص
- إسم شخص: Chamberlain, Neal R.
670 ## - بيانات المصدر موجوده
- الاستشهاد بالمصدر: Work cat.: (OSt)0: Chamberlain, Neal R., The big picture, 2009.
